000 01670nam a2200349 c 4500
003 BLK
005 20240408121437.0
008 180408b bul|||||r ||||||| ||bul||
010 _aKNG00091318000
020 _a978-954-585-993-9
_bиздат.: Бард - на том(кн. 2)
040 _aBLK
041 _aBUL
_cBUL
080 _aАмериканска литература (на САЩ)
_b821.111(73)
_x-312.9
_z821.111(73)-312.9
100 1 _aХоб, Робин
_eпърви автор
_gЛиндхолм, Маргарет Астрид
_9137207
700 _aБожилов, Венцислав Божидаров
_cТеодосиев, Стефан, 1968- (псевдоним)
_d1968-
_9367877
139 _aХоб, Робин
_bХ 58
245 1 0 _aШутът и убиецът
_bФантаст. роман : Кн. 1 -
_cРобин Хоб; прев. Венцислав Божидаров Божилов.
_nКн. 2
_pЛорд Златен
257 _aUSA
260 София
_c2008 -
_fХасково : Полиграфюг
300 _c21 см
380 _aX
500 _aРобин Хоб е вторият псевдоним на американската писателка Маргарет Астрид Линдхолм. - Офс. изд.
653 _aфантастика
653 _aромани
760 1 _3- на том(кн. 2)
_aХоб, Робин
_dБард, 2009
_h704 с.
_nОриг. загл. Golden Fool / Robin Hobb.
_tКн. 2 Лорд Златен
852 _aЦб 242163
856 4 _qpdf
_u
856 4 _qpdf
_u
942 _cKNG
_n0
_02
944 _aCR
_c10.09.2009
_lГалина Якимова
_k30564
944 _aED
_c19.10.2011
_lф /
_k
999 _c86691
_d86691